European agriculture
Wedi'i Gadw mewn:
| Prif Awdur: | |
|---|---|
| Fformat: | Llyfr |
| Iaith: | Undetermined |
| Cyhoeddwyd: |
Paris
The Atlantic Institute For International Affairs,
1975
|
| Pynciau: | |
| Tagiau: |
Ychwanegu Tag
Dim Tagiau, Byddwch y cyntaf i dagio'r cofnod hwn!
|
| Thư viện lưu trữ: | Trung tâm Học liệu Trường Đại học Cần Thơ |
|---|
| LEADER | 00556nam a2200193Ia 4500 | ||
|---|---|---|---|
| 001 | CTU_77429 | ||
| 008 | 210402s9999 xx 000 0 und d | ||
| 082 | |a 338.1 | ||
| 082 | |b M365 | ||
| 100 | |a Marsh, John S. | ||
| 245 | 0 | |a European agriculture | |
| 245 | 0 | |c John S. Marsh | |
| 260 | |a Paris | ||
| 260 | |b The Atlantic Institute For International Affairs, | ||
| 260 | |c 1975 | ||
| 650 | |a Agriculture and state,Economic community countries | ||
| 650 | |z European | ||
| 904 | |i Trọng Hải | ||
| 980 | |a Trung tâm Học liệu Trường Đại học Cần Thơ | ||